• 首页
  • 本馆介绍
  • 公告通知
  • 最新文献
  • 馆藏检索
  • 电子资源
  • 读者导购
  • 参考咨询
  • 我的图书馆
  • 登录
  • 详细信息显示
  • 放入我的书架
  • 预约/预借图书
  • 作者相关作品
  • 分类相关作品
  • 丛书相关作品
  • 出版社相关作品

书目信息

  • 表格格式
  • 工作单格式
  • 卡片格式
书名: Current directions in cognitive science
作者: edited by Barbara A. Spellman and Daniel T. Willingham = 认知心理学新进展 / 英文主编芭芭拉 · 斯佩曼, 丹妮尔 · 韦林汉姆 ; 胡清芬点评 ; 申继亮审校.
分册号:
分册名:
出版地: Beijing :
 
出版社: Beijing Normal University Press
出版时间: 2007.
页数: 255 p. :
开本: 24 cm.
丛书名: 心理学新进展影印丛书
中图分类号:
科图分类号:
其他分类号: B842.1
主题词:
电子资源:
000 01274cam a2200337 a 4500
001 E1252059909
005 20120419142840.23
008 071024r20072005cc a b 000 0 eng d
020    @a9787303087297 :@cCNY30.00.
040    @aTSU@cTSU@dSCT
041 0  @aeng@achi
090    @aB842.1/X32
090    @aB842.1
092    @aCN@b华现07-12-089
093    @aB842.1 @2 4
099    @dB842.1@ex237
245 00 @aCurrent directions in cognitive science / @cedited by Barbara A. Spellman and Daniel T. Willingham = 认知心理学新进展 / 英文主编芭芭拉 · 斯佩曼, 丹妮尔 · 韦林汉姆 ; 胡清芬点评 ; 申继亮审校.
246 31 @a认知心理学新进展
260    @aBeijing :@bBeijing Normal University Press,@c2007.
300    @a255 p. :@bill. ;@c24 cm.
440  0 @a心理学新进展影印丛书
504    @aIncludes bibliographical references.
534    @pReprint. Originally published:@cUpper Saddle River, N.J. : Pearson Prentice Hall, c2005.@z0131919911.
546    @aText in English each chapter with introduction in Chinese.
650  0 @aCognitive psychology.
650  0 @aCognitive science.
700 1  @aHu, Qingfen@A(胡清芬)
700 1  @aSpellman, Barbara.
700 1  @aWillingham, Daniel T.
710 2  @aAmerican Psychological Society.
920    @a232010@z2
    
    Current directions in cognitive science / / edited by Barbara A. Spellman and Daniel T. Willingham = 认知心理学新进展 / 英文主编芭芭拉 · 斯佩曼, 丹妮尔 · 韦林汉姆 ; 胡清芬点评 ; 申继亮审校.-Beijing : : Beijing Normal University Press, , 2007.
    255 p. : : ill. ; ; 24 cm.- (心理学新进展影印丛书 )
    Includes bibliographical references.-Text in English each chapter with introduction in Chinese.
    
    ISBN 9787303087297 :CNY30.00.
    
●
相关链接 在E读中查询图书 在五车中查询图书 在当当中查询图书 在豆瓣中查询图书


正题名:Current directions in cognitive science     索取号:B842.1/x237         预约/预借

序号 登录号 条形码 馆藏地/架位号 状态 备注
1 17857   300178572   第二样本阅览室/ [索取号:B842.1/x237] 在馆    
2 17858   300178581   第四借阅区/ [索取号:B842.1/x237] 在馆    
3 17859   300178590   第四借阅区/ [索取号:B842.1/x237] 在馆    
4 17860   300178607   第四借阅区/ [索取号:B842.1/x237] 在馆    
5 17861   300178616   第四借阅区/ [索取号:B842.1/x237] 在馆    
唐山师范学院图书馆 欢迎您!
大连网信软件有限公司© 版权所有